Jagananath tumake pronam (Record no. 6634)

MARC details
000 -LEADER
fixed length control field 00481cam a2200205ua 4500
008 - FIXED-LENGTH DATA ELEMENTS--GENERAL INFORMATION
fixed length control field 141212n ii |||gr||||Z||||||ben
020 ## - INTERNATIONAL STANDARD BOOK NUMBER
International Standard Book Number 8177564595
040 ## - CATALOGING SOURCE
Transcribing agency MAIN
041 ## - LANGUAGE CODE
-- ben
082 ## - DEWEY DECIMAL CLASSIFICATION NUMBER
Classification number 294.5
100 ## - MAIN ENTRY--PERSONAL NAME
Personal name Ghosh, C.,
Relator term
245 1# - TITLE STATEMENT
Title Jagananath tumake pronam
Statement of responsibility, etc. By Chansalkumar Ghosh
250 ## - EDITION STATEMENT
Edition statement 1st.
260 ## - PUBLICATION, DISTRIBUTION, ETC.
Place of publication, distribution, etc. Calcutta:
Name of publisher, distributor, etc. Ananda,
Date of publication, distribution, etc. 2005.
300 ## - PHYSICAL DESCRIPTION
Extent 118p.
942 ## - ADDED ENTRY ELEMENTS (KOHA)
Koha item type Books
653 ## - INDEX TERM--UNCONTROLLED
Uncontrolled term Religions ofIndic origin
653 ## - INDEX TERM--UNCONTROLLED
Uncontrolled term Hinduism
Holdings
Withdrawn status Lost status Damaged status Not for loan Home library Current library Shelving location Date acquired Total Checkouts Full call number Barcode Date last seen Date last checked out Copy number Price effective from Koha item type
        Central Library, Naharkatiya College Central Library, Naharkatiya College General Stacks 19/09/2020 2 294.5 | GHO 18750 21/12/2020 21/12/2020 1 19/09/2020 Books

Naharkatiya College © 2020. All rights reserved.

Powered By